Complete CLAT common law admission test companion/ (Record no. 159461)

MARC details
000 -LEADER
fixed length control field 00734nam a22002297a 4500
005 - DATE AND TIME OF LATEST TRANSACTION
control field 20181219110616.0
010 ## - LCCN (DPL NO)
LC control number ENG-124574
020 ## - INTERNATIONAL STANDARD BOOK NUMBER
International Standard Book Number 9789352866359
Terms of availability 949.00
035 ## - SYSTEM CONTROL NUMBER
System control number EN-108106
037 ## - SOURCE OF ACQUISITION
Source of stock number/acquisition DBAD/PUB
082 ## - DEWEY DECIMAL CLASSIFICATION NUMBER
Classification number 000
100 ## - MAIN ENTRY--PERSONAL NAME
Personal name Gagrani, Harsh
245 ## - TITLE STATEMENT
Title Complete CLAT common law admission test companion/
Statement of responsibility, etc by Harsh Gagrani; ed. by Nandini Basu [and] Vipin Kumar
250 ## - EDITION STATEMENT
Edition statement 3rd ed.
260 ## - PUBLICATION, DISTRIBUTION, ETC. (IMPRINT)
Place of publication, distribution, etc New Delhi
Name of publisher, distributor, etc Pearson
Date of publication, distribution, etc 2019
270 ## - ADDRESS
Address 14 Local Shopping Centre, Panchsheel Park
City New Delhi
Postal code 110017
300 ## - PHYSICAL DESCRIPTION
Extent various paging
Dimensions 26cm. (pbk)
Other physical details ill.
500 ## - GENERAL NOTE
General note It includes previous years' papers
700 ## - ADDED ENTRY--PERSONAL NAME
Personal name Basu, Nandini
700 ## - ADDED ENTRY--PERSONAL NAME
Personal name Vipin Kumar
942 ## - ADDED ENTRY ELEMENTS (KOHA)
Source of classification or shelving scheme Dewey Decimal Classification
Item type English Books
Classification part 000
Call number suffix GAG
Holdings
Withdrawn status Lost status Not for loan Collection code Home library Current library Date acquired Source of acquisition Cost, normal purchase price Full call number Barcode Copy number Cost, replacement price Koha item type
    Not For Loan Non-fiction D.B.Act.Division Bawana 19/12/2018 DBAD/PUB 949.00 000 GAG EN-108106 1 949.00 English Books

© Delhi Public Library
Hit Counter
free hit counter